00482 2200169 4500245009300000020002200093250001100115100001600126700002800142650003100170005001900201260003500220041001400255084001100269300002300280336000900303 aKamus Bahasa Mandarin b : Mandarin - Indonesia Indonesia - MandarincElly KusumahText a978-602-6237-37-8 aCet. 1 aElly Kusuma aMedina Karunia Andreany aKamus Indonesia - Mandarin a20230510103301 aYogyakartabPustaka Baru Press aIndonesia a413.21 a890 hlm. :c23 cm. atext